[Event "10. Kreuzberg Open"]
[Site "Berlin"]
[Date "2009.07.18"]
[Round "1.1"]
[White "Rabiega, Robert"]
[Black "Cierpinski, Günter"]
[Result "1-0"]
[WhiteElo "2551"]
[BlackElo "1921"]
[PlyCount "79"]
[EventDate "2009.??.??"]
[WhiteTeam "SK König Tegel 1949 e.V."]
[BlackTeam "SC Kreuzberg e.V."]

1. e4 e5 2. Nf3 Nc6 3. Bc4 Be7 4. O-O d6 5. a4 Bg4 6. c3 Na5 7. Ba2 c5 8. h3
Bh5 9. d3 Nf6 10. Re1 a6 11. Nbd2 b5 12. Nf1 c4 13. Ng3 Bg6 14. Nh4 Rc8 15.
axb5 axb5 16. Nhf5 Bxf5 17. Nxf5 g6 18. Nxe7 Qxe7 19. dxc4 Nxc4 20. Bg5 h6 21.
Bxf6 Qxf6 22. Bxc4 bxc4 23. Ra6 Ke7 24. Ra7+ Kf8 25. Rd7 Rd8 26. Rc7 Rb8 27.
Re2 Rb6 28. Rxc4 Kg7 29. Rc7 Qe6 30. b4 Rhb8 31. Rd2 Kf8 32. Rd5 Ra8 33. Qf3
Rc8 34. Rxc8+ Qxc8 35. Qe3 Rc6 36. Qxh6+ Kg8 37. b5 Rxc3 38. Rxd6 Qf8 39. Qd2
Rc8 40. Qd5 1-0

[Event "10. Kreuzberg Open"]
[Site "Berlin"]
[Date "2009.07.18"]
[Round "1.2"]
[White "Galkin, Wladislaw"]
[Black "Figura, Atila Gajo"]
[Result "0-1"]
[WhiteElo "1916"]
[BlackElo "2436"]
[PlyCount "68"]
[EventDate "2009.??.??"]
[WhiteTeam "TuS Makkabi Berlin e.V."]
[BlackTeam "SC Kreuzberg e.V."]

1. d4 Nf6 2. c4 g6 3. Nc3 d5 4. cxd5 Nxd5 5. e4 Nxc3 6. bxc3 Bg7 7. Nf3 O-O 8.
Be3 c5 9. Be2 b6 10. Rc1 Nd7 11. Qb3 Qc7 12. O-O e6 13. Nd2 e5 14. d5 Nf6 15.
f3 Ne8 16. a4 Nd6 17. Nc4 Ba6 18. Nxd6 Bxe2 19. Rf2 c4 20. Nb5 Qd7 21. Qb4 Bd3
22. Rd2 Rfd8 23. Rxd3 cxd3 24. Rd1 Bf8 25. Qb3 Rac8 26. Rxd3 Bc5 27. Na3 Bxe3+
28. Rxe3 Kg7 29. Nc2 Qd6 30. Qb4 Rc5 31. Na3 Rdc8 32. c4 Rxd5 33. Qxd6 Rxd6 34.
Nb5 Rd1+ 0-1

[Event "10. Kreuzberg Open"]
[Site "Berlin"]
[Date "2009.07.18"]
[Round "1.3"]
[White "Von Herman, Ulf"]
[Black "Fuchs, Jörg"]
[Result "1-0"]
[WhiteElo "2400"]
[BlackElo "1909"]
[PlyCount "39"]
[EventDate "2009.??.??"]
[WhiteTeam "SK König Tegel 1949 e.V."]
[BlackTeam "SC Kreuzberg e.V."]

1. d4 d5 2. c4 c6 3. Nc3 e6 4. e4 dxe4 5. Nxe4 Nf6 6. Nxf6+ Qxf6 7. Nf3 h6 8.
Bd3 Nd7 9. O-O Bd6 10. Qe2 O-O 11. Qe4 Re8 12. Qh7+ Kf8 13. Re1 Ke7 14. Bd2 Nf8
15. Qe4 Bd7 16. Ne5 Rad8 17. Bc3 Bc8 18. Re3 Bxe5 19. dxe5 Qf5 20. Bb4+ 1-0

[Event "10. Kreuzberg Open"]
[Site "Berlin"]
[Date "2009.07.18"]
[Round "1.4"]
[White "Kleine, Peter"]
[Black "Kiesekamp, Marcos"]
[Result "0-1"]
[WhiteElo "1904"]
[BlackElo "2334"]
[PlyCount "54"]
[EventDate "2009.??.??"]
[WhiteTeam "SV Berlin-Friedrichstadt"]
[BlackTeam "TuS Makkabi Berlin e.V."]

1. b4 c6 2. c4 d5 3. e3 Nf6 4. Bb2 Bf5 5. Nf3 e6 6. a3 Nbd7 7. Nc3 Bd6 8. Be2
O-O 9. O-O e5 10. cxd5 cxd5 11. Nb5 Bb8 12. d4 e4 13. Ne5 Re8 14. Bg4 Nxg4 15.
Nxg4 a6 16. Nc3 Qg5 17. h3 h5 18. f4 exf3 19. Qxf3 Bg6 20. Ne5 Bxe5 21. dxe5
Nxe5 22. Qxd5 Qxe3+ 23. Kh1 Nd3 24. Nd1 Qe2 25. Qf3 Nxb2 26. Nxb2 Qxb2 27. Qxb7
Rad8 0-1

[Event "10. Kreuzberg Open"]
[Site "Berlin"]
[Date "2009.07.18"]
[Round "1.5"]
[White "Abel, Dennes"]
[Black "Silz, Elisa"]
[Result "1-0"]
[WhiteElo "2328"]
[BlackElo "1904"]
[PlyCount "103"]
[EventDate "2009.??.??"]
[WhiteTeam "Sfrd. Berlin 1903 e.V."]
[BlackTeam "USC Viadrina Frankfurt (Oder) e."]

1. Nf3 Nf6 2. g3 g6 3. Bg2 Bg7 4. O-O O-O 5. d4 c6 6. c4 d5 7. Qb3 dxc4 8. Qxc4
Be6 9. Qc2 Na6 10. a3 Bf5 11. Qb3 Qc8 12. Nc3 Nc7 13. Re1 Ne4 14. Nh4 Be6 15.
Qc2 Nd6 16. Rd1 Ncb5 17. Nxb5 Nxb5 18. e3 Rd8 19. Bd2 a5 20. a4 Nd6 21. b4 axb4
22. Bxb4 Qd7 23. Rdc1 Rdc8 24. Qb2 f5 25. Nf3 Nf7 26. Nd2 g5 27. Nc4 Bxc4 28.
Rxc4 e5 29. Bc5 e4 30. Rb4 Rcb8 31. Rb1 Nd8 32. Bf1 h5 33. Bc4+ Kh8 34. Qe2 g4
35. h3 Bf6 36. hxg4 hxg4 37. Kg2 Kg7 38. Ba2 b5 39. axb5 cxb5 40. Bc4 Qc7 41.
Rxb5 Rxb5 42. Rxb5 Kg6 43. Qb2 Qh7 44. Rb8 Ra4 45. Bb5 Qh3+ 46. Kg1 Ra5 47. Bb6
Ne6 48. Bf1 Qh6 49. Bxa5 Nxd4 50. exd4 e3 51. Rb6 exf2+ 52. Qxf2 1-0

[Event "10. Kreuzberg Open"]
[Site "Berlin"]
[Date "2009.07.18"]
[Round "1.6"]
[White "Paris, Grigori"]
[Black "Giemsa, Stephan"]
[Result "1/2-1/2"]
[WhiteElo "1902"]
[BlackElo "2301"]
[PlyCount "53"]
[EventDate "2009.??.??"]
[WhiteTeam "TuS Makkabi Berlin e.V."]
[BlackTeam "SK König Tegel 1949 e.V."]

1. e4 e6 2. d4 d5 3. Nc3 Nf6 4. Bg5 Bb4 5. e5 h6 6. Bd2 Bxc3 7. bxc3 Ne4 8. Bd3
Nxd2 9. Qxd2 O-O 10. f4 c5 11. Nf3 Qa5 12. c4 Qxd2+ 13. Kxd2 dxc4 14. Bxc4 Nd7
15. dxc5 Nxc5 16. Ke3 b6 17. Rhd1 Bb7 18. g3 Rfc8 19. Nd4 Na4 20. Bd3 Nc3 21.
Rd2 Rc5 22. a4 Rac8 23. Nb5 Nd5+ 24. Ke2 Nb4 25. Nd6 R8c7 26. Nb5 Rc8 27. Nd6
1/2-1/2

[Event "10. Kreuzberg Open"]
[Site "Berlin"]
[Date "2009.07.18"]
[Round "1.7"]
[White "Schlemermeyer, Wilhelm"]
[Black "Penner, Markus"]
[Result "1-0"]
[WhiteElo "2270"]
[BlackElo "1886"]
[PlyCount "57"]
[EventDate "2009.??.??"]
[WhiteTeam "SC Kreuzberg e.V."]
[BlackTeam "SK Zehlendorf e.V."]

1. g3 Nf6 2. Bg2 g6 3. e4 d6 4. d4 Bg7 5. Ne2 O-O 6. h3 Nbd7 7. O-O e5 8. Nbc3
a5 9. a4 exd4 10. Nxd4 Nc5 11. Re1 Re8 12. Ndb5 Bd7 13. f3 Bxb5 14. axb5 Qe7
15. Be3 b6 16. Qd2 Rad8 17. Rad1 Qd7 18. Kh2 Ne6 19. f4 Nc5 20. Bd4 Qc8 21. Qf2
Ne6 22. Be3 Nd7 23. Nd5 Bxb2 24. c3 Ba3 25. f5 Ng7 26. Rf1 Bc5 27. Bxc5 dxc5
28. f6 Ne6 29. Ne7+ 1-0

[Event "10. Kreuzberg Open"]
[Site "Berlin"]
[Date "2009.07.18"]
[Round "1.8"]
[White "Gnass, Arno"]
[Black "Lüders, Gerhard"]
[Result "0-1"]
[WhiteElo "1885"]
[BlackElo "2254"]
[PlyCount "82"]
[EventDate "2009.??.??"]
[WhiteTeam "Turnerschaft Bergisch-Gladbach 1"]
[BlackTeam "BSC Rehberge 1945 e.V."]

1. d4 Nf6 2. c4 g6 3. g3 c5 4. Nf3 cxd4 5. Nxd4 Nc6 6. Bg2 Bg7 7. O-O O-O 8.
Nc3 a6 9. Nxc6 bxc6 10. Qc2 Qa5 11. Bd2 Qh5 12. e4 d6 13. Rae1 Ng4 14. h3 Ne5
15. f4 Nxc4 16. Kh2 Rb8 17. Bc1 Qa5 18. f5 Be5 19. Rf3 Bd7 20. Bf1 Nb6 21. Bd2
Na8 22. Na4 Qd8 23. Bxa6 c5 24. Nc3 Qb6 25. Bc4 Qxb2 26. Qxb2 Rxb2 27. Nb1 Nb6
28. Bf1 c4 29. Bg2 Na4 30. Bc3 Nxc3 31. Nxc3 gxf5 32. exf5 Bc6 33. Ne4 Ra8 34.
Rf2 {(=)} Raxa2 35. Rxb2 Rxb2 36. Kh1 Bxg3 37. Nxg3 Bxg2+ 38. Kg1 Bxh3 39. Ne2
Bxf5 40. Nf4 Rb1 41. Rxb1 Bxb1 0-1

[Event "10. Kreuzberg Open"]
[Site "Berlin"]
[Date "2009.07.18"]
[Round "1.9"]
[White "Schatz, Walter"]
[Black "Kujawa, Werner"]
[Result "1-0"]
[WhiteElo "2219"]
[BlackElo "1885"]
[PlyCount "65"]
[EventDate "2009.??.??"]
[WhiteTeam "TSG Neuruppin"]
[BlackTeam "SV Motor Wildau e.V."]

1. Nf3 Nf6 2. c4 d5 3. cxd5 Nxd5 4. d4 g6 5. Nc3 Nxc3 6. bxc3 Bg7 7. e4 O-O 8.
Be3 c5 9. Qd2 Qa5 10. Rb1 cxd4 11. cxd4 Qxd2+ 12. Kxd2 Nc6 13. d5 Rd8 14. Bd3
Ne5 15. Nxe5 Bxe5 16. f4 Bg7 17. Bc5 Bf8 18. Ke3 b6 19. Bd4 Bg7 20. Rbc1 Bxd4+
21. Kxd4 e6 22. Rc7 exd5 23. exd5 Be6 24. Be4 Rac8 25. Rhc1 Kf8 26. Ke5 Bd7 27.
Rxc8 Rxc8 28. Rxc8+ Bxc8 29. Kd6 Ke8 30. Kc7 Bd7 31. d6 b5 32. Bb7 a5 33. Bc8
1-0

[Event "10. Kreuzberg Open"]
[Site "Berlin"]
[Date "2009.07.18"]
[Round "1.10"]
[White "Albinus, Günter"]
[Black "Gaerths, Ronny"]
[Result "0-1"]
[WhiteElo "1875"]
[BlackElo "2243"]
[PlyCount "64"]
[EventDate "2009.??.??"]
[WhiteTeam "SG Weißensee 49 e.V."]
[BlackTeam "Betriebsschach-TT/Wilheil-"]

1. Nf3 d6 2. g3 g6 3. Bg2 Bg7 4. d3 e5 5. O-O Ne7 6. e4 c5 7. Nc3 Nbc6 8. Ne2
O-O 9. c3 d5 10. exd5 Nxd5 11. Ne1 Bg4 12. Nc2 Qd7 13. Qd2 Rad8 14. Rd1 Bh3 15.
f4 Bxg2 16. Kxg2 Rfe8 17. fxe5 Nxe5 18. d4 Qc6 19. Kf2 Ng4+ 20. Kg1 Nde3 21.
Nf4 Nxd1 22. Qxd1 Nf6 23. Be3 Nd5 24. Nxd5 Qxd5 25. Qd2 b6 26. Qf2 cxd4 27.
Bxd4 Rd7 28. Bxg7 Kxg7 29. Qd4+ Qxd4+ 30. Nxd4 Rxd4 31. cxd4 Re2 32. Rd1 Kf6
0-1

[Event "10. Kreuzberg Open"]
[Site "Berlin"]
[Date "2009.07.18"]
[Round "1.11"]
[White "Jahnz, Fabian"]
[Black "Schmalzried, Volker"]
[Result "1-0"]
[WhiteElo "2191"]
[BlackElo "1875"]
[PlyCount "69"]
[EventDate "2009.??.??"]
[WhiteTeam "SK König Tegel 1949 e.V."]
[BlackTeam "Betriebsschach -UBA-"]

1. e4 g6 2. d4 Bg7 3. c3 c5 4. dxc5 Qa5 5. Be3 Nf6 6. Bd3 O-O 7. h3 Na6 8. b4
Qc7 9. Ne2 b6 10. cxb6 axb6 11. f4 Bb7 12. Nd2 e5 13. fxe5 Qxe5 14. Bxb6 Nxe4
15. Bd4 Qe7 16. Bxe4 Bxe4 17. Nxe4 Qxe4 18. Bxg7 Kxg7 19. Qd4+ Qxd4 20. Nxd4
Rfe8+ 21. Kd2 Nc7 22. a4 Nd5 23. a5 Rec8 24. Rhc1 Rc4 25. Nb5 Nf4 26. Rf1 Nxg2
27. Rxf7+ Kxf7 28. Nd6+ Ke6 29. Nxc4 Nf4 30. b5 Nd5 31. b6 g5 32. a6 Nxb6 33.
Nxb6 Ra7 34. Nc8 Ra8 35. a7 1-0

[Event "10. Kreuzberg Open"]
[Site "Berlin"]
[Date "2009.07.19"]
[Round "2.1"]
[White "Hahlbohm, Matthias"]
[Black "Rabiega, Robert"]
[Result "0-1"]
[WhiteElo "2084"]
[BlackElo "2551"]
[PlyCount "52"]
[EventDate "2009.??.??"]
[WhiteTeam "TSG Oberschöneweide e.V."]
[BlackTeam "SK König Tegel 1949 e.V."]

1. e4 Nf6 2. e5 Nd5 3. d4 d6 4. f4 dxe5 5. fxe5 c5 6. c4 Nb4 7. d5 Bf5 8. Na3
e6 9. Nf3 exd5 10. Bg5 Qa5 11. cxd5 Nd3+ 12. Ke2 c4 13. Nxc4 Qxd5 14. Qb3 Qe4+
15. Kd2 Nc5 16. Qe3 Nbd7 17. Nd4 h6 18. Nxf5 Qxf5 19. Nd6+ Bxd6 20. exd6+ Ne4+
21. Ke1 hxg5 22. Bd3 Ndf6 23. d7+ Qxd7 24. Rd1 Qe6 25. Bb5+ Kf8 26. Rf1 Nc5 0-1

[Event "10. Kreuzberg Open"]
[Site "Berlin"]
[Date "2009.07.19"]
[Round "2.2"]
[White "Figura, Atila Gajo"]
[Black "Niechotz, Christopher"]
[Result "1-0"]
[WhiteElo "2436"]
[BlackElo "2082"]
[PlyCount "45"]
[EventDate "2009.??.??"]
[WhiteTeam "SC Kreuzberg e.V."]
[BlackTeam "SC Kreuzberg e.V."]

1. d4 Nf6 2. c4 g6 3. Nc3 Bg7 4. e4 d6 5. Nf3 O-O 6. Be2 e5 7. Be3 Ng4 8. Bg5
f6 9. Bc1 Nh6 10. dxe5 dxe5 11. Qxd8 Rxd8 12. Nd5 Na6 13. Nxf6+ Bxf6 14. Bxh6
Nc5 15. Nd2 g5 16. g3 Rxd2 17. Kxd2 Nxe4+ 18. Ke1 Nd6 19. h4 gxh4 20. gxh4 e4
21. c5 Nf5 22. Bc4+ Kh8 23. Bg5 1-0

[Event "10. Kreuzberg Open"]
[Site "Berlin"]
[Date "2009.07.19"]
[Round "2.3"]
[White "Fiedler, Wolfgang"]
[Black "Von Herman, Ulf"]
[Result "0-1"]
[WhiteElo "2075"]
[BlackElo "2400"]
[PlyCount "71"]
[EventDate "2009.??.??"]
[WhiteTeam "SV Berolina Mitte e.V."]
[BlackTeam "SK König Tegel 1949 e.V."]

1. d4 Nf6 2. c4 c5 3. d5 e6 4. Nc3 exd5 5. cxd5 d6 6. e4 g6 7. f4 Bg7 8. Bb5+
Nfd7 9. Bd3 O-O 10. Nf3 Na6 11. O-O Nc7 12. a4 a6 13. Qc2 Rb8 14. Re1 b5 15.
axb5 axb5 16. e5 Nb6 17. e6 fxe6 18. dxe6 Nxe6 19. f5 Nd4 20. Nxd4 Bxd4+ 21.
Be3 Bxe3+ 22. Rxe3 Bxf5 23. Bxf5 Rxf5 24. Rae1 Nc4 25. Rg3 Rf7 26. Nd5 Qh4 27.
Rd1 Rbf8 28. Qe2 Ne5 29. Ne3 c4 30. Rxd6 Qe4 31. h4 Qxh4 32. Rh3 Qe4 33. Qd2
Nd3 34. Rg3 Qe5 35. Rdxg6+ hxg6 36. Rxg6+ 0-1

[Event "10. Kreuzberg Open"]
[Site "Berlin"]
[Date "2009.07.19"]
[Round "2.4"]
[White "Kiesekamp, Marcos"]
[Black "Dufner, Andreas"]
[Result "1-0"]
[WhiteElo "2334"]
[BlackElo "2061"]
[PlyCount "68"]
[EventDate "2009.??.??"]
[WhiteTeam "TuS Makkabi Berlin e.V."]
[BlackTeam "SC Kreuzberg e.V."]

1. e4 c5 2. Nf3 d6 3. d4 cxd4 4. Nxd4 Nf6 5. Nc3 a6 6. Bg5 Qa5 7. Qd2 Nc6 8.
Nb3 Qc7 9. Bxf6 gxf6 10. Nd5 Qd8 11. Qe3 h5 12. f4 Bg4 13. f5 h4 14. h3 Bh5 15.
Qf2 Bh6 16. Qxh4 Bg5 17. Qf2 Ne5 18. Bd3 Rc8 19. O-O Rg8 20. Kh1 Rh8 21. Nd4
Qa5 22. b4 Qa3 23. Nb3 Qb2 24. Qb6 Nxd3 25. Qxb7 Kf8 26. Qxc8+ Kg7 27. Qc4 Ne5
28. Qc3 Qxc3 29. Nxc3 Rc8 30. Nd5 Rxc2 31. g4 Bxg4 32. hxg4 Nxg4 33. Nd4 Rb2
34. a4 Rh2+ {ZÜ} 1-0

[Event "10. Kreuzberg Open"]
[Site "Berlin"]
[Date "2009.07.19"]
[Round "2.5"]
[White "Wenzel, Andreas"]
[Black "Abel, Dennes"]
[Result "1/2-1/2"]
[WhiteElo "2055"]
[BlackElo "2328"]
[PlyCount "94"]
[EventDate "2009.??.??"]
[WhiteTeam "SV Empor Berlin e.V."]
[BlackTeam "Sfrd. Berlin 1903 e.V."]

1. d4 d5 2. c4 c6 3. cxd5 cxd5 4. Nc3 Nf6 5. Nf3 Nc6 6. Bf4 a6 7. e3 Bg4 8. Be2
e6 9. O-O Bd6 10. Bxd6 Qxd6 11. Qd2 O-O 12. Rfc1 b5 13. a3 Na5 14. Qd1 Bxf3 15.
gxf3 Rfc8 16. b4 Nc4 17. Bxc4 bxc4 18. f4 h6 19. Qf1 Nd7 20. Kh1 f5 21. Qg2 Qe7
22. Rg1 Qf7 23. Qg6 Qxg6 24. Rxg6 Kf7 25. Rgg1 Nb6 26. a4 Rcb8 27. Ra2 Nc8 28.
f3 Ne7 29. Rag2 g6 30. Rb1 Nc6 31. Rgb2 Rb7 32. b5 Na5 33. e4 Rd7 34. exd5 exd5
35. Re2 Nb3 36. Rd1 axb5 37. axb5 Ra3 38. Re3 Ra8 39. Re5 Rad8 40. Kg2 Kf6 41.
Kf2 Rd6 42. h4 Kf7 43. Kg3 Re6 44. Nxd5 Red6 45. Nb4 Nxd4 46. Rxd4 Rxd4 47. Nc6
R8d7 1/2-1/2

[Event "10. Kreuzberg Open"]
[Site "Berlin"]
[Date "2009.07.19"]
[Round "2.6"]
[White "Harndt, Jan-Michael"]
[Black "Schlemermeyer, Wilhelm"]
[Result "0-1"]
[WhiteElo "2054"]
[BlackElo "2270"]
[PlyCount "80"]
[EventDate "2009.??.??"]
[WhiteTeam "SC Weisse Dame e.V."]
[BlackTeam "SC Kreuzberg e.V."]

1. d4 Nf6 2. c4 g6 3. Nc3 d5 4. Nf3 Bg7 5. Bg5 Ne4 6. cxd5 Nxg5 7. Nxg5 e6 8.
Nf3 exd5 9. e3 a5 10. Bd3 O-O 11. O-O c6 12. Rc1 Be6 13. Na4 Nd7 14. b3 Re8 15.
Nc5 Nxc5 16. dxc5 Bg4 17. Be2 a4 18. Nd4 Bxe2 19. Nxe2 Qa5 20. Qe1 axb3 21.
Qxa5 Rxa5 22. axb3 Rb5 23. Nd4 Bxd4 24. exd4 Re4 25. Rfd1 Rb4 26. g3 Rexd4 27.
Rxd4 Rxd4 28. Rc3 Kg7 29. f3 Rd2 30. h4 Kf6 31. Kf1 Rb2 32. Kg1 d4 33. Rd3 Ke5
34. Kh1 Kd5 35. g4 Kxc5 36. h5 Kd5 37. f4 Ke4 38. hxg6 hxg6 39. f5 Kxd3 40.
fxg6 fxg6 0-1

[Event "10. Kreuzberg Open"]
[Site "Berlin"]
[Date "2009.07.19"]
[Round "2.7"]
[White "Lüders, Gerhard"]
[Black "Costello, Colin"]
[Result "1-0"]
[WhiteElo "2254"]
[BlackElo "2038"]
[PlyCount "85"]
[EventDate "2009.??.??"]
[WhiteTeam "BSC Rehberge 1945 e.V."]
[BlackTeam "SC Weisse Dame e.V."]

1. d4 d5 2. Nf3 Nf6 3. e3 e6 4. Bd3 c5 5. c3 Be7 6. Ne5 Nc6 7. f4 Qc7 8. Nd2 b6
9. Qa4 Bb7 10. Bb5 Rc8 11. Qxa7 O-O 12. Bxc6 Bxc6 13. Qxc7 Rxc7 14. Nxc6 Rxc6
15. Ke2 Nd7 16. Nf3 f6 17. Bd2 e5 18. dxe5 fxe5 19. fxe5 Re6 20. Be1 Nxe5 21.
Nxe5 Rxe5 22. Bg3 Re4 23. Rad1 Bg5 24. Rxd5 Rxe3+ 25. Kd1 h6 26. Re1 Rxe1+ 27.
Kxe1 Bc1 28. b3 Bb2 29. Kd2 Rf1 30. Kc2 Ba3 31. Rd1 Rf6 32. Rd8+ Rf8 33. Rxf8+
Kxf8 34. Bc7 b5 35. Bf4 c4 36. b4 Ke7 37. h4 h5 38. Be5 g6 39. Bf4 Ke6 40. Bc1
Bxc1 41. Kxc1 Kf5 42. a4 bxa4 43. b5 1-0

[Event "10. Kreuzberg Open"]
[Site "Berlin"]
[Date "2009.07.19"]
[Round "2.8"]
[White "Schmidt, Jürgen"]
[Black "Schatz, Walter"]
[Result "1-0"]
[WhiteElo "2035"]
[BlackElo "2219"]
[PlyCount "53"]
[EventDate "2009.??.??"]
[WhiteTeam "SC Kreuzberg e.V."]
[BlackTeam "TSG Neuruppin"]

1. e4 g6 2. d4 Bg7 3. Nf3 d6 4. Bc4 Nf6 5. Nc3 O-O 6. Bb3 Bg4 7. h3 Bxf3 8.
Qxf3 Nc6 9. Be3 e5 10. dxe5 dxe5 11. Bc5 Re8 12. Rd1 Nd4 13. Qe3 Nd7 14. Ba3 c5
15. O-O b5 16. Nxb5 Nxb5 17. Bxf7+ Kxf7 18. Qb3+ Re6 19. Qxb5 Ke8 20. Bxc5 Qc7
21. Rd5 Qc6 22. Qc4 Bf8 23. b4 Nxc5 24. bxc5 Rc8 25. Rfd1 Be7 26. Qb3 Bxc5 27.
Rxc5 1-0

[Event "10. Kreuzberg Open"]
[Site "Berlin"]
[Date "2009.07.19"]
[Round "2.9"]
[White "Gaerths, Ronny"]
[Black "Solhjou, Mohammed Hassan"]
[Result "1-0"]
[WhiteElo "2243"]
[BlackElo "2030"]
[PlyCount "73"]
[EventDate "2009.??.??"]
[WhiteTeam "Betriebsschach-TT/Wilheil-"]
[BlackTeam "-Vereinslos-"]

1. d4 d5 2. Bf4 Nf6 3. e3 e6 4. Nd2 Bd6 5. Bg3 Nc6 6. Ngf3 Qe7 7. Bb5 Bd7 8.
O-O Bxg3 9. hxg3 O-O 10. Bxc6 Bxc6 11. a4 Ng4 12. Nh2 Nxh2 13. Kxh2 e5 14. dxe5
Qxe5 15. c3 Rad8 16. Qg4 Rd6 17. Rh1 Rg6 18. Nf3 Qd6 19. Qd4 Re8 20. Kg1 h6 21.
Rh4 b6 22. a5 Re4 23. Qd3 f5 24. Rf4 Bd7 25. Qa6 bxa5 26. Qxa5 a6 27. Rd1 Rxf4
28. gxf4 Bc6 29. Ne5 Re6 30. Qxa6 Qc5 31. Qc8+ Re8 32. Qxc7 Rxe5 33. fxe5 Qb5
34. e6 Kh7 35. Qe5 Kg6 36. e7 Be8 37. Qxd5 1-0

[Event "10. Kreuzberg Open"]
[Site "Berlin"]
[Date "2009.07.19"]
[Round "2.10"]
[White "Fischer, Semen"]
[Black "Jahnz, Fabian"]
[Result "0-1"]
[WhiteElo "1999"]
[BlackElo "2191"]
[PlyCount "82"]
[EventDate "2009.??.??"]
[WhiteTeam "USV Potsdam e.V., Abt. Schach"]
[BlackTeam "SK König Tegel 1949 e.V."]

1. Nc3 c5 2. e4 e6 3. Bc4 Nc6 4. a3 Nf6 5. d3 a6 6. Bf4 d5 7. Ba2 Be7 8. h3 O-O
9. Nge2 b5 10. O-O dxe4 11. Nxe4 Nd5 12. Bh2 Kh8 13. Qd2 Nd4 14. Nf4 Bb7 15.
Ne2 Nb6 16. Nxd4 Qxd4 17. Qc3 Bxe4 18. Qxd4 cxd4 19. dxe4 Na4 20. Rab1 Rac8 21.
Bb3 Nc5 22. Rfd1 Rfd8 23. Be5 d3 24. Bc3 Nxe4 25. Rxd3 Rxd3 26. cxd3 Nxc3 27.
bxc3 Rxc3 28. a4 Rxd3 29. axb5 axb5 30. Bc2 Rd5 31. Be4 Re5 32. Ra1 g6 33. f3
b4 34. Kf1 Kg7 35. Bc6 Bh4 36. Be4 b3 37. Rb1 f5 38. Bd3 Bg3 39. Be2 Re3 40.
Bc4 b2 41. Be2 Rc3 0-1

[Event "10. Kreuzberg Open"]
[Site "Berlin"]
[Date "2009.07.19"]
[Round "2.11"]
[White "Kupfer, Michael"]
[Black "Richter, Götz"]
[Result "1-0"]
[WhiteElo "2198"]
[BlackElo "2019"]
[PlyCount "67"]
[EventDate "2009.??.??"]
[WhiteTeam "SC Friesen Lichtenberg e.V."]
[BlackTeam "Klub Kölner Schachfreunde e.V. 1"]

1. e4 c5 2. Nf3 d6 3. Bb5+ Bd7 4. Bxd7+ Qxd7 5. c4 Nf6 6. Nc3 g6 7. d4 cxd4 8.
Nxd4 Bg7 9. h3 O-O 10. O-O Rc8 11. b3 b5 12. e5 dxe5 13. Ndxb5 Nc6 14. Ne4 Qf5
15. Ng3 Qe6 16. Be3 Rd8 17. Qc1 Rd7 18. Rd1 Rad8 19. Rxd7 Qxd7 20. Nc3 Nd4 21.
Qb2 h5 22. Re1 h4 23. Nf1 Qf5 24. Bc1 e6 25. Ne3 Qh5 26. Nb5 a6 27. Nc7 a5 28.
a3 e4 29. b4 Nd5 30. cxd5 Nf3+ 31. gxf3 Bxb2 32. Bxb2 exf3 33. Ng4 Kf8 34. dxe6
1-0

[Event "10. Kreuzberg Open"]
[Site "Berlin"]
[Date "2009.07.20"]
[Round "3.1"]
[White "Rabiega, Robert"]
[Black "Pflantz, Mike"]
[Result "1-0"]
[WhiteElo "2551"]
[BlackElo "2184"]
[PlyCount "55"]
[EventDate "2009.??.??"]
[WhiteTeam "SK König Tegel 1949 e.V."]
[BlackTeam "SC Kreuzberg e.V."]

1. e4 e6 2. d4 d5 3. Nc3 Bb4 4. exd5 exd5 5. Bd3 Nc6 6. a3 Ba5 7. Be3 Nf6 8. h3
Bxc3+ 9. bxc3 Ne4 10. c4 Bf5 11. Qf3 Bg6 12. Ne2 Nf6 13. c5 Bxd3 14. cxd3 h6
15. Ng3 Ne7 16. O-O Qd7 17. Bf4 O-O-O 18. Be5 Qc6 19. Rfe1 Rhe8 20. Re2 Neg8
21. Rb1 Kd7 22. Nh5 Nxh5 23. Qxf7+ Re7 24. Qxh5 Kc8 25. Reb2 b6 26. Rc2 Rdd7
27. Qd1 Qg6 28. a4 1-0

[Event "10. Kreuzberg Open"]
[Site "Berlin"]
[Date "2009.07.20"]
[Round "3.2"]
[White "Gebigke, Martin"]
[Black "Figura, Atila Gajo"]
[Result "0-1"]
[WhiteElo "2186"]
[BlackElo "2436"]
[PlyCount "54"]
[EventDate "2009.??.??"]
[WhiteTeam "SV Berolina Mitte e.V."]
[BlackTeam "SC Kreuzberg e.V."]

1. d4 Nf6 2. c4 e6 3. Nf3 d5 4. g3 Bb4+ 5. Bd2 Be7 6. Bg2 O-O 7. O-O b6 8. Qc2
Ba6 9. b3 c5 10. Nc3 Nc6 11. dxc5 bxc5 12. Rfd1 Qc8 13. cxd5 Nb4 14. Qb1 exd5
15. Ng5 h6 16. a3 Nc6 17. Nxd5 hxg5 18. Nxe7+ Nxe7 19. Bxa8 Qxa8 20. Bxg5 Ne4
21. Qc1 Nf5 22. Be3 Bxe2 23. Re1 Bf3 24. Bxc5 Rc8 25. b4 Bh1 26. f3 Nxc5 27.
Kxh1 Nd3 0-1

[Event "10. Kreuzberg Open"]
[Site "Berlin"]
[Date "2009.07.20"]
[Round "3.3"]
[White "Von Herman, Ulf"]
[Black "Niehaus, Frank"]
[Result "1-0"]
[WhiteElo "2400"]
[BlackElo "2149"]
[PlyCount "55"]
[EventDate "2009.??.??"]
[WhiteTeam "SK König Tegel 1949 e.V."]
[BlackTeam "Sfrd. Berlin 1903 e.V."]

1. d4 Nf6 2. c4 g6 3. Nc3 Bg7 4. e4 d6 5. h3 O-O 6. Bg5 Nbd7 7. Bd3 c5 8. d5
Ne5 9. Be2 Qa5 10. Bd2 Qc7 11. f4 Ned7 12. g4 h6 13. Nf3 a6 14. g5 hxg5 15.
Nxg5 b5 16. h4 b4 17. Na4 Re8 18. h5 Nf8 19. hxg6 fxg6 20. Qc2 e6 21. O-O-O
exd5 22. cxd5 Bd7 23. e5 Bf5 24. Qc4 Bd7 25. exf6 Bxf6 26. Ne6 Nxe6 27. dxe6
Bxe6 28. Qc2 1-0

[Event "10. Kreuzberg Open"]
[Site "Berlin"]
[Date "2009.07.20"]
[Round "3.4"]
[White "Albrecht, Rainer"]
[Black "Kiesekamp, Marcos"]
[Result "1-0"]
[WhiteElo "2141"]
[BlackElo "2334"]
[PlyCount "138"]
[EventDate "2009.??.??"]
[WhiteTeam "SC Kreuzberg e.V."]
[BlackTeam "TuS Makkabi Berlin e.V."]

1. d4 Nf6 2. c4 e6 3. Nc3 c5 4. d5 exd5 5. cxd5 d6 6. Nf3 g6 7. Bg5 Bg7 8. e3
O-O 9. Nd2 h6 10. Bh4 b6 11. Be2 Na6 12. O-O Nc7 13. a4 Rb8 14. Nc4 Ba6 15. b3
g5 16. Bg3 Nfe8 17. Rc1 f5 18. f3 Qe7 19. Qd3 Rd8 20. Rfe1 Qf7 21. e4 f4 22.
Bf2 Nf6 23. Qc2 Rfe8 24. Rcd1 Qf8 25. Rd2 Nd7 26. g4 Qf6 27. Nd1 Bc8 28. h3 a6
29. Ndb2 b5 30. Na5 Rf8 31. b4 {(=)} c4 32. Bd4 Ne5 33. Nc6 Rde8 34. Nxe5 Rxe5
35. axb5 axb5 36. Nd1 Qf7 37. Bxe5 Bxe5 38. Nf2 Na6 39. Rb1 Qa7 40. Kg2 Qe3 41.
Nd1 Qa3 42. Qa2 Qxa2 43. Rxa2 Rf7 44. Ra5 Rc7 45. Rc1 c3 46. Bxb5 Nxb4 47. Ra4
Nxd5 48. exd5 c2 49. Rc4 Rxc4 50. Bxc4 cxd1=Q 51. Rxd1 Kf7 52. Rb1 Ke7 53. Rb8
Kd7 54. Ra8 Bd4 55. Bb5+ Kc7 56. Bc6 Be3 57. Kf1 h5 58. Ke2 hxg4 59. hxg4 Bd4
60. Kd3 Be3 61. Ke4 Bf2 62. Ra2 Bh4 63. Be8 Kd8 64. Bg6 Bd7 65. Bf7 Be1 66. Be6
Bb5 67. Kf5 Bh4 68. Kf6 Bd3 69. Ra3 Be2 1-0

[Event "10. Kreuzberg Open"]
[Site "Berlin"]
[Date "2009.07.20"]
[Round "3.5"]
[White "Zschäbitz, Klaus"]
[Black "Gaerths, Ronny"]
[Result "0-1"]
[WhiteElo "2101"]
[BlackElo "2243"]
[PlyCount "110"]
[EventDate "2009.??.??"]
[WhiteTeam "BSG 1827 Eckbauer e.V."]
[BlackTeam "Betriebsschach-TT/Wilheil-"]

1. d4 e6 2. Nf3 b6 3. g3 Bb7 4. Bg2 f5 5. O-O Nf6 6. c4 a5 7. Nc3 Bb4 8. Qc2
O-O 9. a3 Bxc3 10. Qxc3 a4 11. Bg5 Be4 12. Nd2 Bxg2 13. Kxg2 Qe8 14. Bxf6 Rxf6
15. f4 Ra5 16. Qf3 Nc6 17. e3 Kh8 18. Rad1 Ne7 19. Nb1 Nc8 20. Nc3 Nd6 21. c5
bxc5 22. dxc5 Rxc5 23. Rd4 Rf8 24. Rxa4 h6 25. h4 Rc6 26. Rd4 Qb8 27. Rb4 Qc8
28. Rf2 Qa6 29. Rd2 Rxc3 30. bxc3 Qxa3 31. Rdb2 Kh7 32. R2b3 Qa6 33. g4 fxg4
34. Qxg4 Nf5 35. Kf2 Qd3 36. Qe2 Qd5 37. h5 Qh1 38. Qf3 Qh2+ 39. Ke1 Qc2 40.
Qe2 Qc1+ 41. Kf2 Ra8 42. Rb1 Qxc3 43. Rc4 Qf6 44. Kg1 c6 45. e4 Ng3 46. Qg4
Qxf4 47. Qxf4 Ne2+ 48. Kf2 Nxf4 49. e5 Nd3+ 50. Ke3 Nxe5 51. Rcc1 Ng4+ 52. Kf3
Nf6 53. Rb7 Ra5 54. Rh1 Rf5+ 55. Ke2 Rd5 0-1